<?xml version="1.0" encoding="UTF-8"?>
<record
    xmlns:xsi="http://www.w3.org/2001/XMLSchema-instance"
    xsi:schemaLocation="http://www.loc.gov/MARC21/slim http://www.loc.gov/standards/marcxml/schema/MARC21slim.xsd"
    xmlns="http://www.loc.gov/MARC21/slim">

  <leader>02800nam a2200481uu 4500</leader>
  <controlfield tag="001">1462126</controlfield>
  <controlfield tag="005">20260508090957.0</controlfield>
  <controlfield tag="008">170310nuuuuuuuu                    spa  </controlfield>
  <datafield tag="020" ind1=" " ind2=" ">
    <subfield code="a">9789972428845</subfield>
  </datafield>
  <datafield tag="035" ind1=" " ind2=" ">
    <subfield code="a">1462126</subfield>
  </datafield>
  <datafield tag="040" ind1=" " ind2=" ">
    <subfield code="c">comduadb</subfield>
  </datafield>
  <datafield tag="041" ind1=" " ind2=" ">
    <subfield code="a">spa</subfield>
  </datafield>
  <datafield tag="082" ind1=" " ind2="4">
    <subfield code="a">199</subfield>
  </datafield>
  <datafield tag="110" ind1="2" ind2="0">
    <subfield code="a">Coloquio Iberoamericano de Filosof&#xED;a Anal&#xED;tica (12 : 2007, Lima , Per&#xFA;)</subfield>
    <subfield code="4">aut</subfield>
    <subfield code="e">aut</subfield>
    <subfield code="9">834363</subfield>
  </datafield>
  <datafield tag="245" ind1="1" ind2="0">
    <subfield code="a">Ensayos de metafilosof&#xED;a</subfield>
  </datafield>
  <datafield tag="250" ind1=" " ind2=" ">
    <subfield code="a">1. edici&#xF3;n</subfield>
  </datafield>
  <datafield tag="260" ind1=" " ind2=" ">
    <subfield code="a">Lima :</subfield>
    <subfield code="b">Fondo Editorial ;</subfield>
    <subfield code="b">Pontificia Universidad Cat&#xF3;lica del Per&#xFA;,</subfield>
    <subfield code="c">2009.</subfield>
  </datafield>
  <datafield tag="300" ind1=" " ind2=" ">
    <subfield code="a">315 p&#xE1;ginas.</subfield>
  </datafield>
  <datafield tag="505" ind1=" " ind2=" ">
    <subfield code="a">CONTENIDO : Agradecimientos. -- Introducci&#xF3;n. -- conocimiento y autoconocimiento. -- Formas de hacer filosof&#xED;a. -- El lenguaje de lo mental. -- Sentidos, interpretaci&#xF3;n y sinsentido. -- Loa autores.</subfield>
  </datafield>
  <datafield tag="520" ind1="3" ind2=" ">
    <subfield code="a">Aborda temas cl&#xE1;sicos de la filosof&#xED;a, como el conocimiento y el autoconocimiento, la naturaleza y caracter&#xED;sticas de los m&#xE9;todos filos&#xF3;ficos, la mente, el significado y los limites de la interpretaci&#xF3;n. Los trabajos que presenta este libro-escritos por reconocidos fil&#xF3;sofos de distintas universidades iberoamiericanas--no son meramente exeg&#xE9;ticos o reconstructivos sino que buscan formular propuestas al interior de los debates m&#xE1;s recientes dentro de la filosof&#xED;a.</subfield>
  </datafield>
  <datafield tag="650" ind1=" " ind2="7">
    <subfield code="a">Teor&#xED;a del conocimiento</subfield>
    <subfield code="2">lemb</subfield>
    <subfield code="9">1790</subfield>
  </datafield>
  <datafield tag="650" ind1=" " ind2="7">
    <subfield code="a">Filosof&#xED;a latinoamericana</subfield>
    <subfield code="2">lemb</subfield>
    <subfield code="9">33437</subfield>
  </datafield>
  <datafield tag="650" ind1=" " ind2=" ">
    <subfield code="a">Filosof&#xED;a anal&#xED;tica</subfield>
    <subfield code="9">20492</subfield>
  </datafield>
  <datafield tag="650" ind1=" " ind2="7">
    <subfield code="a">Filosof&#xED;a</subfield>
    <subfield code="v">Ensayos, conferencias, etc.</subfield>
    <subfield code="2">lemb</subfield>
    <subfield code="9">219860</subfield>
  </datafield>
  <datafield tag="700" ind1="1" ind2="0">
    <subfield code="a">Quintanilla, Pablo</subfield>
    <subfield code="4">edt</subfield>
    <subfield code="e">edt</subfield>
    <subfield code="9">292859</subfield>
  </datafield>
  <datafield tag="700" ind1="1" ind2="0">
    <subfield code="a">Hoyos Jaramillo, Luis Eduardo,</subfield>
    <subfield code="d">1959-</subfield>
    <subfield code="4">aut</subfield>
    <subfield code="0">(isni)0000 0000 4231 0059</subfield>
    <subfield code="0">(viaf)76652544</subfield>
    <subfield code="e">aut</subfield>
    <subfield code="9">296788</subfield>
  </datafield>
  <datafield tag="700" ind1="1" ind2="0">
    <subfield code="a">Penelas, Federico</subfield>
    <subfield code="4">aut</subfield>
    <subfield code="e">aut</subfield>
    <subfield code="9">593135</subfield>
  </datafield>
  <datafield tag="700" ind1="1" ind2="0">
    <subfield code="a">Fermandois, Eduardo</subfield>
    <subfield code="4">aut</subfield>
    <subfield code="0">(isni)0000 0000 3825 1498</subfield>
    <subfield code="0">(viaf)37794484</subfield>
    <subfield code="e">aut</subfield>
    <subfield code="9">350378</subfield>
  </datafield>
  <datafield tag="700" ind1="1" ind2="0">
    <subfield code="a">Assis Saes, Silvia Faustino de</subfield>
    <subfield code="4">aut</subfield>
    <subfield code="e">aut</subfield>
    <subfield code="9">728639</subfield>
  </datafield>
  <datafield tag="700" ind1="1" ind2="0">
    <subfield code="a">Krebs, Victor J.</subfield>
    <subfield code="4">aut</subfield>
    <subfield code="e">aut</subfield>
    <subfield code="9">485849</subfield>
  </datafield>
  <datafield tag="700" ind1="1" ind2="0">
    <subfield code="a">Tozzi, Mar&#xED;a Ver&#xF3;nica</subfield>
    <subfield code="4">aut</subfield>
    <subfield code="e">aut</subfield>
    <subfield code="9">342407</subfield>
  </datafield>
  <datafield tag="700" ind1="1" ind2="0">
    <subfield code="a">Hax Junior, Breno</subfield>
    <subfield code="4">aut</subfield>
    <subfield code="e">aut</subfield>
    <subfield code="9">723698</subfield>
  </datafield>
  <datafield tag="700" ind1="1" ind2="0">
    <subfield code="a">Mel&#xE9;ndez Acu&#xF1;a, Ra&#xFA;l Ernesto,</subfield>
    <subfield code="d">1964-</subfield>
    <subfield code="4">aut</subfield>
    <subfield code="0">(isni)0000 0000 7245 9997</subfield>
    <subfield code="0">(viaf)87119410</subfield>
    <subfield code="e">aut</subfield>
    <subfield code="9">781625</subfield>
  </datafield>
  <datafield tag="700" ind1="1" ind2="0">
    <subfield code="a">Escajadillo, C&#xE9;sar</subfield>
    <subfield code="4">aut</subfield>
    <subfield code="e">aut</subfield>
    <subfield code="9">725355</subfield>
  </datafield>
  <datafield tag="700" ind1="1" ind2="0">
    <subfield code="a">Braun, Ricardo A.</subfield>
    <subfield code="4">aut</subfield>
    <subfield code="e">aut</subfield>
    <subfield code="9">699544</subfield>
  </datafield>
  <datafield tag="700" ind1="1" ind2="0">
    <subfield code="a">G&#xF3;mez Torrente, Mario,</subfield>
    <subfield code="d">1967-</subfield>
    <subfield code="4">aut</subfield>
    <subfield code="0">(isni)0000 0000 8235 6713</subfield>
    <subfield code="0">(viaf)54048185</subfield>
    <subfield code="e">aut</subfield>
    <subfield code="9">753882</subfield>
  </datafield>
  <datafield tag="700" ind1="1" ind2="0">
    <subfield code="a">Garc&#xED;a Z&#xE1;rate, &#xD3;scar Augusto</subfield>
    <subfield code="4">aut</subfield>
    <subfield code="e">aut</subfield>
    <subfield code="9">725356</subfield>
  </datafield>
  <datafield tag="700" ind1="1" ind2="0">
    <subfield code="a">Garc&#xED;a Carpintero, Manuel,</subfield>
    <subfield code="d">1957-</subfield>
    <subfield code="4">aut</subfield>
    <subfield code="0">(isni)0000 0001 0901 7579</subfield>
    <subfield code="0">(viaf)53431340</subfield>
    <subfield code="e">aut</subfield>
    <subfield code="9">487344</subfield>
  </datafield>
  <datafield tag="700" ind1="1" ind2="0">
    <subfield code="a">Vidal, Javier</subfield>
    <subfield code="4">aut</subfield>
    <subfield code="e">aut</subfield>
    <subfield code="9">315588</subfield>
  </datafield>
  <datafield tag="700" ind1="1" ind2="0">
    <subfield code="a">Stepanenko Guti&#xE9;rrez, Pedro</subfield>
    <subfield code="4">aut</subfield>
    <subfield code="0">(isni)0000 0000 3163 2650</subfield>
    <subfield code="0">(viaf)58294564</subfield>
    <subfield code="e">aut</subfield>
    <subfield code="9">396764</subfield>
  </datafield>
  <datafield tag="700" ind1="1" ind2="0">
    <subfield code="a">Orlando, Eleonora</subfield>
    <subfield code="4">aut</subfield>
    <subfield code="e">aut</subfield>
    <subfield code="9">753883</subfield>
  </datafield>
  <datafield tag="942" ind1=" " ind2=" ">
    <subfield code="c">BOOK</subfield>
  </datafield>
  <datafield tag="999" ind1=" " ind2=" ">
    <subfield code="c">752585</subfield>
    <subfield code="d">752585</subfield>
  </datafield>
  <datafield tag="952" ind1=" " ind2=" ">
    <subfield code="0">0</subfield>
    <subfield code="1">0</subfield>
    <subfield code="4">0</subfield>
    <subfield code="7">0</subfield>
    <subfield code="8">GEN</subfield>
    <subfield code="a">BC</subfield>
    <subfield code="b">BC</subfield>
    <subfield code="d">2017-03-10</subfield>
    <subfield code="e">Material adquirido por donaci&#xF3;n</subfield>
    <subfield code="g">40000.00</subfield>
    <subfield code="i">C1259440</subfield>
    <subfield code="l">2</subfield>
    <subfield code="m">2</subfield>
    <subfield code="o">199 C719</subfield>
    <subfield code="p">1022269</subfield>
    <subfield code="q">2026-07-01</subfield>
    <subfield code="r">2026-02-19 18:14:50</subfield>
    <subfield code="s">2026-02-19</subfield>
    <subfield code="t">1</subfield>
    <subfield code="w">2023-05-03</subfield>
    <subfield code="y">BOOK</subfield>
  </datafield>
</record>
